Score 0/30 Timer 03:00
0 Plays Today
Artist Missing Word % Correct
Jimi HendrixPurple
90.9%
Jim Morrison (The Doors)Light
90.6%
Janis JoplinLittle
87.5%
Kurt Cobain (Nirvana)Spirit
86.7%
Janis JoplinHeart
86.6%
Janis JoplinMercedes
79.4%
Brian Jones (The Rolling Stones)Paint
76.1%
Amy WinehouseKnow
72.3%
Brian Jones (The Rolling Stones)Devil
71%
Brian Jones (The Rolling Stones)Tuesday
70.8%
Janis JoplinBobby
69.9%
Kurt Cobain (Nirvana)Come
67.9%
Jim Morrison (The Doors)Riders
65.3%
Amy WinehouseBlack
56.8%
Jim Morrison (The Doors)Woman
49.7%
Artist Missing Word % Correct
Brian Jones (The Rolling Stones)Love
46.5%
Brian Jones (The Rolling Stones)Stone
42.7%
Janis JoplinBaby
40.6%
Jim Morrison (The Doors)Door
40.2%
Jimi HendrixWas
37.8%
Kurt Cobain (Nirvana)In
35.2%
Jimi HendrixVoodoo
33.1%
Jim Morrison (The Doors)Hello
32%
Amy WinehouseOwn
31.7%
Kurt Cobain (Nirvana)About
26.4%
Kurt Cobain (Nirvana)Way
26%
Jimi HendrixMidnight
24.8%
Jimi HendrixWing
17.9%
Amy WinehouseLosing
16.9%
Amy WinehouseStronger
8.5%

Today's Daily Dose

Missing Word
'T' Pairs

Word Ladder
Game Pieces

Get the Picture
Baseball Movies

Remove Ads.
Support Sporcle.
Get the best of Sporcle when you Go Orange. This ad-free experience offers more features, more stats, and more fun while also helping to support Sporcle. Thank you for becoming a member.

You're not logged in!

Compare scores with friends on all Sporcle quizzes.
OR
Log In

Show Comments

Extras

Top Quizzes Today


Score Distribution

Your Account Isn't Verified!

In order to create a playlist on Sporcle, you need to verify the email address you used during registration. Go to your Sporcle Settings to finish the process.

Report this User

Report this user for behavior that violates our Community Guidelines.

Details: